000 00780nam a2200229Ii 4500
003 JO-AjNU
008 230605s9999||||xx |||||||||||||| ||und||
017 _a1431/1034
020 _a978-603-8004-49-4
040 _aJO-AjNU
_bara
_erda
_cJO-AjNU
041 _aara
050 1 4 _aLC3965 2010
100 3 _aخصاونة،محمد أحمد مؤلف/الخوالدة،محمد عبد ربه م.مشارك,
_eauthor
_931680
245 0 0 _aالمدخل إلى التربية الخاصة
250 _aط1
264 3 1 _aالرياض:دار الأندلس2010
300 _a326ص
336 _atext
_btxt
_2rdacontent
337 _aunmediated
_bn
_2rdamedia
338 _avolume
_bnc
_2rdacarrier
650 4 _aالتربية الخاصة-اطفال معوقون-تعليم
_931681
999 _aA12698
_c16266
_d16266